Minecraft Wool Colors - Sudden Death - Statistics

General Stats
  • This quiz has been taken 991 times
  • The average score is 8 of 16
Answers on the Grid
Answers color-coded by a green-red scale on the quiz's grid according to % correct below.
Beige
Black
Blue
Brown
Camouflage
Coral
Cyan
Dark Blue
Dark Brown
Dark Gray
Dark Green
Gray
Green
Indigo
Light Blue
Light Gray
Lime
Magenta
Maroon
Orange
Pink
Purple
Red
Spotted
Teal
Turquoise
White
Yellow
 
Answer Stats
Answer % Correct
Black
93%
Brown
84%
Blue
81%
Cyan
72%
Pink
49%
Green
44%
Gray
43%
White
43%
Yellow
43%
Lime
42%
Red
42%
Orange
41%
Purple
39%
Light Gray
35%
Magenta
35%
Light Blue
29%
No matching quizzes found
Score Distribution
Percent of People with Each Score
Percentile by Number Answered
Your Score History
You have not taken this quiz